Das mittelalterliche Kaufhaus und seine Stellung in der Stadt : eine baugeschichtliche Untersuchung an südwestdeutschen Beispielen

Bibliographische Detailangaben
1. Verfasser: Nagel, Gerhard 1954- (VerfasserIn)
Format: Buch
Sprache:German
Veröffentlicht: Berlin : Mann, 1971
Schlagworte:Südwestdeutschland Kaufhaus Architektur Geschichte 500-1500 Mittelalter
Umfang:259 S.
LEADER 01000cam a2200265 c 4500
001 025853627
003 DE-627
005 20251219211623.0
007 tu
008 920625s1971 gw ||||| m 00| ||ger c
020 |a 3786140553  |9 3-7861-4055-3 
035 |a (DE-627)025853627 
035 |a (DE-599)GBV025853627 
035 |a (OCoLC)220481665 
040 |a DE-627  |b ger  |c DE-627  |e rakwb 
041 |a ger 
044 |c XA-DE 
050 0 |a NA6214.G3 
082 0 |a 725.2109434  |q OCLC 
084 |a NW 3200  |2 rvk  |0 (DE-625)rvk/132080: 
084 |a 21.71  |2 bkl 
084 |a 21.73  |2 bkl 
100 1 |8 1\p  |a Nagel, Gerhard  |d 1954-  |e verfasserin  |0 (DE-588)123463637  |0 (DE-627)082570280  |0 (DE-576)293719608  |4 aut 
245 1 4 |a Das mittelalterliche Kaufhaus und seine Stellung in der Stadt  |b eine baugeschichtliche Untersuchung an südwestdeutschen Beispielen  |c Gerhard Nagel 
264 1 |a Berlin  |b Mann  |c 1971 
300 |a 259 S.  |b Ill., Kt.  |c 26 cm  |e 10 Bl. Beil. 
336 |a Text  |b txt  |2 rdacontent 
337 |a ohne Hilfsmittel zu benutzen  |b n  |2 rdamedia 
338 |a Band  |b nc  |2 rdacarrier 
500 |a Literaturverz. S. 225-247 
502 |a Zugl.: Stuttgart, Techn. Hochschule, Diss., 1968 
583 1 |a Massenentsäuert  |c 2020  |k DE-18  |2 pdager  |5 DE-18-308 
653 0 |a Commercial buildings  |a Germany, Southern 
653 0 |a Architecture, Medieval  |a Germany, Southern 
655 7 |a Hochschulschrift  |0 (DE-588)4113937-9  |0 (DE-627)105825778  |0 (DE-576)209480580  |2 gnd-content 
689 0 0 |D g  |0 (DE-588)4078053-3  |0 (DE-627)104729074  |0 (DE-576)209207248  |a Südwestdeutschland  |2 gnd 
689 0 1 |D s  |0 (DE-588)4273408-3  |0 (DE-627)104478810  |0 (DE-576)210698330  |a Kaufhaus  |2 gnd 
689 0 2 |D s  |0 (DE-588)4002851-3  |0 (DE-627)104280352  |0 (DE-576)208848975  |a Architektur  |2 gnd 
689 0 3 |A z  |2 gnd  |a Geschichte 500-1500 
689 0 |5 (DE-627) 
751 |a Stuttgart  |4 uvp 
883 |8 1\p  |a cgwrk  |d 20241001  |q DE-101  |u https://d-nb.info/provenance/plan#cgwrk 
912 |a GBV_ILN_20 
912 |a ISIL_DE-84 
912 |a SYSFLAG_1 
912 |a GBV_KXP 
912 |a GBV_ILN_21 
912 |a ISIL_DE-46 
912 |a GBV_ILN_22 
912 |a ISIL_DE-18 
912 |a GBV_ILN_22_i30809 
912 |a GBV_ILN_22_i30908 
912 |a GBV_ILN_24 
912 |a ISIL_DE-8 
912 |a GBV_ILN_31 
912 |a ISIL_DE-27 
912 |a GBV_ILN_40 
912 |a ISIL_DE-7 
912 |a GBV_ILN_40_i148 
912 |a GBV_ILN_40_i053 
912 |a GBV_ILN_40_i055 
912 |a GBV_ILN_50 
912 |a ISIL_DE-23 
912 |a GBV_ILN_63 
912 |a ISIL_DE-Wim2 
912 |a GBV_ILN_65 
912 |a ISIL_DE-3 
912 |a GBV_ILN_65_a036 
912 |a GBV_ILN_66 
912 |a ISIL_DE-Ha125 
912 |a GBV_ILN_70 
912 |a ISIL_DE-89 
912 |a GBV_ILN_72 
912 |a ISIL_DE-35 
912 |a GBV_ILN_91 
912 |a ISIL_DE-HIL3 
912 |a GBV_ILN_110 
912 |a ISIL_DE-Luen4 
912 |a GBV_ILN_120 
912 |a ISIL_DE-715 
912 |a GBV_ILN_130 
912 |a ISIL_DE-700 
912 |a GBV_ILN_165 
912 |a ISIL_DE-834 
912 |a GBV_ILN_181 
912 |a GBV_ILN_181_b010 
912 |a GBV_ILN_181_b030 
912 |a GBV_ILN_203 
912 |a GBV_ILN_203_m07706 
912 |a GBV_ILN_227 
912 |a ISIL_DE-56 
912 |a GBV_ILN_235 
912 |a ISIL_DE-616 
912 |a GBV_ILN_235_S35 
912 |a GBV_ILN_300 
912 |a GBV_ILN_350 
912 |a ISIL_DE-2795 
912 |a GBV_ILN_350_ 
912 |a GBV_ILN_723 
912 |a ISIL_DE-2484 
936 r v |a NW 3200  |b Einzelbeiträge (einschl. Messen und Märkte)  |k Geschichte  |k Wirtschafts- und Sozialgeschichte  |k Spezielle Wirtschaftsgeschichte  |k Handelsgeschichte  |k Einzelbeiträge (einschl. Messen und Märkte)  |0 (DE-627)1270918508  |0 (DE-625)rvk/132080:  |0 (DE-576)200918508 
936 b k |a 21.71  |j Geschichte öffentlicher Bauten  |0 (DE-627)106421263 
936 b k |a 21.73  |j Stadtbaugeschichte  |j Geschichte ländlicher Siedlungen  |0 (DE-627)106409948 
951 |a BO 
953 |2 045F  |a 725.2109434  |u https://www.gbv.de/dms/ddc/725.2109434.pdf 
980 |2 20  |1 01  |x 0084  |b 308839234  |c 00  |f --%%--  |d 2414-2300  |e --%%--  |j --%%--  |y k  |z 31-12-97 
980 |2 20  |1 02  |x 0084  |b 407786325  |c 00  |f G8  |d UAa-12  |e i  |j --%%--  |y riG8  |z 31-10-00 
980 |2 21  |1 01  |x 0046  |b 172651832  |c 00  |f Magazin  |d 01.p.5336  |e u  |j --%%--  |y xza  |z 03-01-72 
980 |2 22  |1 01  |x 0018  |b 347156185  |c 00  |f 18/308  |d KGS-Allg 3404,50  |e i  |j --%%--  |y zi30809  |z 13-07-99 
980 |2 22  |1 02  |x 0018  |b 353051322  |c 00  |f 18/309-GE  |d hil 566/23  |e c  |j --%%--  |c 04  |f 18/309-h  |d hil 566/23  |e i  |j --%%--  |y zi30908  |z 18-08-99 
980 |2 22  |1 03  |x 0018  |b 892503629  |c 00  |f SUB-SM  |d B 1973/25  |e d  |j --%%--  |y ru  |z 24-09-08 
980 |2 24  |1 01  |x 0008  |b 360474403  |c 00  |f 16  |d Qb 1847  |e u  |j --%%--  |h yx  |y zz1  |z 14-10-99 
980 |2 31  |1 01  |x 0027  |b 220774234  |c 00  |f J 21  |d KUN:FG:1500:::1971  |e d  |j --%%--  |c 09  |f --%%--  |d 96 NB 1074/1  |e --%%--  |j --%%--  |y n  |z 01-01-96 
980 |2 40  |1 01  |x 0007  |b 820097470  |c 00  |f --%%--  |d 74 B 3723  |e d  |j --%%--  |y xsn  |z 18-05-07 
980 |2 40  |1 02  |x 7/148  |b 282835253  |c 00  |f BBWISO  |d 10 : B 9 d/ 59  |e i  |j --%%--  |y ki148  |z 11-05-98 
980 |2 40  |1 03  |x 0007  |b 57998558X  |c 00  |f BBK-HIST  |d D V 8965  |e i  |j --%%--  |y zi053  |z 28-11-02 
980 |2 40  |1 04  |x 0007  |b 1192083210  |c 00  |f 7/055  |d G-K 192/100  |e i  |j --%%--  |y zi055  |z 25-10-10 
980 |2 50  |1 01  |x 0023  |b 800300351  |c 00  |f --%%--  |d 23.1139  |e u  |j --%%--  |k Kt. in Rückentasche  |y k  |z 10-11-06 
980 |2 63  |1 01  |x 3401  |b 421943599  |c 00  |f Mag  |d 4°-49 688  |e u  |j --%%--  |y r  |z 08-01-01 
980 |2 65  |1 01  |x 3/18  |b 38986630X  |c 00  |f Ha 18-RVK  |d NW 3200 123  |e u  |j --%%--  |c 09  |f Ha 18-18  |d K Bz 4425  |e --%%--  |j --%%--  |y ra036  |z 19-05-00 
980 |2 66  |1 01  |x 3066  |b 146794060  |c 00  |f --%%--  |d PG 12 Nag  |e i  |j --%%--  |c 09  |f --%%--  |d A 5086  |e --%%--  |j --%%--  |y z  |z 13-04-95 
980 |2 70  |1 01  |x 0089  |b 191263540  |c 00  |f Haus2  |d AE 2225  |e --%%--  |j --%%--  |y r  |z 12-07-96 
980 |2 72  |1 01  |x 0035  |b 405793731  |c 00  |f ZEN  |d 73/8375  |e u  |j --%%--  |y rz  |z 10-10-99 
980 |2 91  |1 01  |x 3091/3  |b 219800936  |c 00  |f Ho  |d ARC 0022/17  |e u  |j --%%--  |y zh  |z 08-11-99 
980 |2 110  |1 01  |x 3110  |b 035748745  |c 00  |f CAM  |d Ku 523.005  |e u  |j --%%--  |y kz  |z 25-06-92 
980 |2 110  |1 02  |x 3110  |b 489665802  |c 00  |f CAM  |d Ku 523.005 a  |e u  |j --%%--  |y kz  |z 27-02-96 
980 |2 120  |1 01  |x 0715  |b 789683369  |c 00  |f 222  |d rau AJ 1276  |e u  |j --%%--  |h alma  |k nn  |y z  |z 21-03-02 
980 |2 130  |1 01  |x 0700  |b 339235756  |c 00  |f B  |d WUP 2001-989 3  |e u  |j --%%--  |y xb  |z 11-05-99 
980 |2 165  |1 01  |x 0834  |b 19248107X  |c 00  |f --%%--  |d I 1.222 Nag  |e --%%--  |j --%%--  |y x  |z 29-07-96 
980 |2 181  |1 01  |x 3181/010  |b 1163457450  |c 00  |f KB  |d E 15331 g kl  |e i  |j --%%--  |c 10  |f --%%--  |d :E:15331:g:kl:  |e --%%--  |j --%%--  |y rb010  |z 21-05-10 
980 |2 181  |1 25  |x 3181/030  |b 919393705  |c 00  |f MEK  |d 4° Gc 248  |e i  |j --%%--  |y rb030  |z 30-01-09 
980 |2 203  |1 01  |x 3522  |b 740639668  |c 00  |f H77  |d Al XXIII 60  |e i  |j --%%--  |y zm07706  |z 20-10-05 
980 |2 203  |1 02  |x 3522  |b 3836964716  |c 00  |f H77  |d Ca VIII 80  |e i  |j --%%--  |y rm07706  |z 15-01-21 
980 |2 227  |1 01  |x 0056  |b 403841402  |c 00  |f --%%--  |d II 7-935  |e u  |j --%%--  |y x  |z 19-09-00 
980 |2 235  |1 01  |x 3235/035  |b 1464176884  |c 00  |f NLD H  |d K 142/ 18  |e g  |j --%%--  |y zS35  |z 01-03-13 
980 |2 300  |1 01  |x 3300/0003  |b 449110218X  |c 00  |f UAL IGTA  |d CB 750 60/10  |e i  |j --%%--  |y zualigta  |z 26-02-24 
980 |2 350  |1 01  |x 8293  |b 098414402  |c 00  |f MAG3  |d Ng 1803  |e i  |j --%%--  |y n  |z 27-02-01 
980 |2 723  |1 01  |x 4723  |b 1697101402  |c 00  |f --%%--  |d RAD-B 79  |e u  |j --%%--  |h Bestand Denkmalpflege  |y n  |z 23-05-97 
982 |2 91  |1 00  |x DE-HIL3  |8 00  |a Kaufhaus 
982 |2 91  |1 00  |x DE-HIL3  |8 01  |a Mittelalter 
982 |2 350  |1 01  |x 8293  |8 00  |a Kaufhaus 
982 |2 350  |1 01  |x 8293  |8 00  |a Mittelalter 
982 |2 723  |1 01  |x 4723  |8 00  |a Südwestdeutschland 
982 |2 723  |1 01  |x 4723  |8 01  |a Mainz 
982 |2 723  |1 01  |x 4723  |8 02  |a Frankfurt <Main> 
982 |2 723  |1 01  |x 4723  |8 03  |a Konstanz 
982 |2 723  |1 01  |x 4723  |8 04  |a Esslingen <Neckar> 
982 |2 723  |1 01  |x 4723  |8 05  |a Nördlingen 
982 |2 723  |1 01  |x 4723  |8 06  |a Ulm 
982 |2 723  |1 01  |x 4723  |8 07  |a Verkaufsstelle 
982 |2 723  |1 01  |x 4723  |8 08  |a Geschichte Anfänge-1550 
982 |2 723  |1 01  |x 4723  |8 09  |a Architektur 
982 |2 723  |1 01  |x 4723  |8 10  |a Kaufhaus 
982 |2 723  |1 01  |x 4723  |8 11  |a Stadt 
983 |2 20  |1 00  |x DE-84  |8 00  |a 7.033 
983 |2 20  |1 00  |x DE-84  |8 00  |a 725.21:93 
983 |2 20  |1 00  |x DE-84  |8 00  |a 711.4:93 
983 |2 21  |1 00  |x DE-46  |8 30  |a swl 927 2kb 
983 |2 21  |1 00  |x DE-46  |8 31  |a vwl 878.6 
983 |2 21  |1 00  |x DE-46  |8 80  |a 2kb 41 927 
983 |2 21  |1 00  |x DE-46  |8 99  |a 41 
983 |2 24  |1 01  |x 0008  |8 50  |0 (DE-627)057993629  |a kun 463.5  |b Zweckbau  |b Architektur 
983 |2 24  |1 01  |x 0008  |8 70  |0 (DE-627)057993599  |a kun 463  |b Zweckbau  |b Architektur  |b Geschichte 
983 |2 70  |1 00  |x DE-89  |8 00  |a arc 310 q 
983 |2 70  |1 00  |x DE-89  |8 01  |a rau 770 k 
983 |2 110  |1 00  |x DE-Luen4  |8 00  |a Ku 523 
983 |2 110  |1 00  |x DE-Luen4  |8 01  |a Ku 510 
983 |2 110  |1 00  |x DE-Luen4  |8 02  |a Ku 380 
983 |2 120  |1 00  |x DE-715  |8 99  |a nn 
983 |2 130  |1 01  |x 0700  |8 00  |a WUP 
983 |2 165  |1 00  |x DE-834  |8 00  |a I 1.222 
983 |2 165  |1 00  |x DE-834  |8 01  |a I 2.27 
984 |2 20  |1 01  |x 0084  |a 84$024142300 
984 |2 22  |1 01  |x 0018  |a 087561391 
984 |2 22  |1 02  |x 0018  |a 071738235 
984 |2 24  |1 01  |x 0008  |a 8$0023469846 
984 |2 31  |1 01  |x 0027  |a 27$008737517 
984 |2 40  |1 01  |x 0007  |a 7$102611319 
984 |2 40  |1 02  |x 7/148  |a 7/148$00813842 
984 |2 40  |1 03  |x 0007  |a 7$224989057 
984 |2 50  |1 01  |x 0023  |a 23$00334227 
984 |2 65  |1 01  |x 3/18  |a 3/75$000428914 
984 |2 66  |1 01  |x 3066  |a HA125$00157732 
984 |2 70  |1 01  |x 0089  |a 89$103974164 
984 |2 72  |1 01  |x 0035  |a 35$000871737 
984 |2 91  |1 01  |x 3091/3  |a HIL3/3$0244104 
984 |2 110  |1 01  |x 3110  |a LUN4$03093611 
984 |2 110  |1 02  |x 3110  |a LUN4$01162799 
984 |2 120  |1 01  |x 0715  |a 07921709 
984 |2 130  |1 01  |x 0700  |a 700$20019893 
984 |2 165  |1 01  |x 0834  |a 834$00481270 
984 |2 227  |1 01  |x 0056  |a 56$000809285 
984 |2 350  |1 01  |x 8293  |a 8293000743844 
985 |2 21  |1 01  |x 0046  |a ga 7052 
985 |2 22  |1 01  |x 0018  |a 917/1971 
985 |2 22  |1 02  |x 0018  |a 878/75 
985 |2 22  |1 03  |x 0018  |a aak1430640 
985 |2 31  |1 01  |x 0027  |a B93/R/11756 
985 |2 40  |1 02  |x 7/148  |a 71/6262 
985 |2 40  |1 03  |x 0007  |a 73.1141 
985 |2 40  |1 04  |x 0007  |a 21522 
985 |2 50  |1 01  |x 0023  |a 23.1139 
985 |2 65  |1 01  |x 3/18  |a 36/97/333 
985 |2 66  |1 01  |x 3066  |a BG 93/48 
985 |2 72  |1 01  |x 0035  |a 1973.2102 
985 |2 91  |1 01  |x 3091/3  |a Ho 910568 
985 |2 110  |1 01  |x 3110  |a 91-16381 
985 |2 110  |1 02  |x 3110  |a 1794.1980 
985 |2 165  |1 01  |x 0834  |a 930/73 
985 |2 181  |1 01  |x 3181/010  |a 71.2226 
985 |2 181  |1 25  |x 3181/030  |a MEK89/311 
985 |2 203  |1 01  |x 3522  |a 1971/694 
985 |2 203  |1 02  |x 3522  |a 1977/458 
985 |2 227  |1 01  |x 0056  |a 72.378 
985 |2 235  |1 01  |x 3235/035  |a NLD Statistik: 23.06.1999 
985 |2 350  |1 01  |x 8293  |a 73/68 
985 |2 723  |1 01  |x 4723  |a A 71/248 
995 |2 24  |1 01  |x 0008  |a yx 
995 |2 120  |1 01  |x 0715  |a alma 
995 |2 723  |1 01  |x 4723  |a Bestand Denkmalpflege